[Event "Fall Chess Classic 2017-B"]
[Site "Saint Louis"]
[Date "2017.09.11"]
[Round "6"]
[White "Pichot, Alan"]
[Black "Chandra, Akshat"]
[Result "0-1"]
[WhiteElo "2565"]
[BlackElo "2481"]
[Annotator "TA"]
[PlyCount "100"]
[EventDate "2017.??.??"]
[EventType "tourn"]
[EventCountry "USA"]
[SourceTitle "playchess.com"]
[Source "ChessBase"]
[SourceQuality "1"]

{[%evp 18,100,0,0,5,-23,2,-11,-19,-104,-34,-134,-112,-200,-166,-166,22,-225,-224,-193,-224,-220,-200,-218,-212,-202,-204,-195,-191,-173,-185,-203,-181,-208,-177,-216,-193,-244,-193,-345,-344,-529,-540,-519,-529,-1043,-747,-697,-705,-622,-501,-525,-467,-436,-455,-687,-683,-683,-627,-683,-620,-722,-663,-857,-705,-662,-412,-664,-650,-707,-652,-767,-745,-1035,-922,-1013,-882,-2195,-1820,-29974,-12824,-29994,-29983,-29995,-29996]} 1. e4 e5 2. Nf3 Nc6 3. Bb5 Nf6 4. d3 Bc5 5. Bxc6 dxc6 6. Nbd2 {C65: Ruy Lopez: Berlin Defence (3...Nf6), unusual lines and 4 0-0 Bc5} (6. O-O Qe7 7. Nbd2 Bg4 8. h3 Bh5 9. a3 a5 10. Nc4 Nd7 11. g4 Bg6 12. b4 axb4 13. Bg5 f6 14. axb4 Rxa1 15. Qxa1 {½-½ (30) Anand,V (2783)-Nakamura,H (2792) Saint Louis 2017}) 6... Nd7 7. Nc4 O-O 8. Qe2 Re8 9. Bd2 b5 10. Ne3 {LiveBook: 7 Games} a5 {[%cal Ba7a5,Ba5a4][%mdl 32]} 11. h4 Nf8 12. O-O-O a4 13. g4 $146 (13. Kb1 $11 {remains equal.}) ({Find the theoretical novelty and annotate with similar games:} 13. Kb1 b4 {0-1 (45) Duda,J (2675)-Laznicka,V (2651) Baku 2016}) 13... b4 (13... Bxe3 $17 14. Qxe3 Bxg4) 14. Nc4 (14. Kb1 $15) 14... b3 15. Kb1 (15. a3 $17 {was called for.}) 15... bxc2+ 16. Kxc2 Ng6 $2 ({Black should play} 16... a3 $19 17. b4 Bxg4) 17. Bc3 $2 (17. h5 $11 {and White has nothing to worry.} Nf4 18. Bxf4 exf4 19. g5) 17... Bxg4 $19 18. Rdg1 Bh5 ({Don't do} 18... Nf4 19. Qd1 $17) 19. Rg5 {[%cal Rc4e5]} Nf4 20. Qd1 f6 ({Less strong is} 20... Bxf2 21. Rxh5 $1 {[%mdl 512]} Nxh5 22. Nfxe5 $15) 21. Rxh5 Nxh5 22. Nfxe5 {Black should prevent Nf7.} fxe5 23. Qxh5 Bd4 24. Rg1 Bxc3 25. bxc3 Qf6 26. Rg2 Rad8 27. Ne3 (27. a3 $142) 27... Kh8 28. Qg4 $2 (28. Nc4) 28... Re7 29. f3 (29. Nc4 {was necessary.} Red7 30. f4 exf4 31. e5) 29... Qd6 30. Rd2 {Nf5 would now be nice for White.} Qa3 31. Qg5 Qxa2+ 32. Kd1 Qb3+ 33. Ke2 Rde8 34. Nf5 Rd7 35. h5 h6 ({Much less strong is} 35... Qxc3 36. h6 $19) 36. Nxh6 (36. Qg6 $142 Re6 37. Qg1) 36... gxh6 37. Qxh6+ {[#]} Kg8 $1 {And now ...Rg7 would win.} 38. Qg6+ Kf8 39. c4 Rd6 40. Qf5+ Ke7 41. h6 Rxh6 {White must now prevent ...Rh2+.} 42. Qg5+ (42. Qxe5+ $142 Kf7 43. Qxc7+ Re7 44. Qf4+ Rf6 45. Qh2) 42... Rf6 43. Qxe5+ Kf7 44. Qh5+ {[#]} Kf8 $1 45. Qh8+ Ke7 46. Qg7+ Rf7 47. Qd4 Rg8 48. Ke3 Qb1 {( -> ...Qe1+)} 49. e5 Qe1+ 50. Re2 {[#]} Rxf3+ $1 {[%mdl 512] Precision: White = 25%, Black = 58%.} 0-1

[Event "Fall Chess Classic 2017-B"]
[Site "Saint Louis"]
[Date "2017.09.11"]
[Round "6"]
[White "Shabalov, Alexander"]
[Black "Arribas Lopez, Angel"]
[Result "1-0"]
[WhiteElo "2563"]
[BlackElo "2505"]
[Annotator "TA"]
[PlyCount "83"]
[EventDate "2017.??.??"]
[EventType "tourn"]
[EventCountry "USA"]
[SourceTitle "playchess.com"]
[Source "ChessBase"]
[SourceQuality "1"]

{[%evp 18,83,87,35,45,39,44,39,39,36,52,32,87,52,95,95,152,91,101,105,208,201,259,259,257,209,239,245,242,249,255,239,197,242,246,243,267,151,147,154,353,338,323,322,297,174,196,202,210,189,211,189,205,200,266,251,251,251,251,251,251,251,251,251,251,251,251,251]} 1. d4 Nf6 2. c4 g6 3. Nc3 Bg7 4. e4 d6 5. Be2 O-O 6. Bg5 c5 7. d5 h6 8. Bf4 b5 9. cxb5 a6 10. Qd2 {LiveBook: 3 Games} (10. a4 $16) 10... axb5 $14 {E74: King's Indian: Averbakh Variation: 6...c5} 11. Bxb5 Qa5 12. Bd3 Na6 $146 {White is slightly better.} ({Predecessor:} 12... g5 13. Bg3 Ba6 14. Nge2 Nbd7 15. Bxa6 Rxa6 16. h4 Qb4 17. hxg5 hxg5 18. f3 {½-½ (29) Horvath,C (2563)-Polzin,R (2514) Austria 2006}) 13. Nge2 Nb4 14. Bb1 $1 Ng4 (14... g5 $14 15. Bg3 Nh5) 15. O-O $36 {[%mdl 2048] White is pushing.} g5 16. Bg3 Ne5 (16... c4 $142) 17. h4 (17. f4 $142 Nc4 18. Qc1) 17... gxh4 $16 18. Bxh4 e6 (18... Ng6 $16 {is a better defense.}) 19. a3 {[%cal Ba2a3,Ba3b4][%mdl 32]} Ba6 20. dxe6 Nc4 21. exf7+ ({Much less strong is} 21. axb4 $6 Qxa1 22. Qd5 Qxb2 $16) 21... Rxf7 22. axb4 Qxa1 23. Qd5 Nb6 24. Qxd6 Bxe2 25. Nxe2 Qxb2 26. Qxb6 Qxe2 27. Qxc5 (27. bxc5 $18 Qg4 28. Bg3) 27... Ra1 {next ...Rxb1! is good for Black.} 28. b5 Qg4 $2 (28... Qb2 $16 {keeps fighting.} 29. Qc8+ Rf8 30. Qe6+ Kh7) 29. Bg3 $18 h5 {With the idea ...h4.} 30. Qd5 {[#] And now b6 would win.} h4 31. Qd8+ ({But not} 31. Ba2 $2 Rxa2 32. Bxh4 (32. Qxa2 $2 {loses.} hxg3 33. Qa8+ Kh7 $19) 32... Re2 $19) (31. Bh2 $142) 31... Bf8 32. Bxh4 {Threatens to win with Bf6.} Rd7 33. Qg5+ Qxg5 34. Bxg5 Bc5 35. e5 {[%cal Be4e5,Be5e6,Be6e7][%mdl 32] Black must now prevent Bh7+!} Kf7 36. Bf5 {White has a decisive advantage.} Rdd1 37. Rxd1 Rxd1+ 38. Kh2 Bxf2 39. e6+ Kg7 40. e7 Re1 41. Bd7 Kg6 42. Bh4 {Precision: White = 88%, Black = 51%.} 1-0

[Event "Fall Chess Classic 2017-B"]
[Site "Saint Louis"]
[Date "2017.09.11"]
[Round "6"]
[White "Friedel, Joshua E"]
[Black "Ni, Shiqun"]
[Result "1/2-1/2"]
[WhiteElo "2547"]
[BlackElo "2426"]
[Annotator "TA"]
[PlyCount "101"]
[EventDate "2017.??.??"]
[EventType "tourn"]
[EventCountry "USA"]
[SourceTitle "playchess.com"]
[Source "ChessBase"]
[SourceQuality "1"]

{[%evp 24,101,11,0,0,0,16,0,0,6,1,0,0,13,101,101,102,102,101,95,98,94,100,98,86,84,85,74,73,67,89,0,99,63,66,66,71,63,64,53,56,44,42,44,49,20,20,23,23,22,27,15,15,15,15,0,0,0,0,0,0,0,0,0,0,0,0,0,0,0,0,0,0,0,0,0,1,0,8,0]} 1. e4 e5 2. Nf3 Nf6 3. Nc3 Nc6 4. d4 exd4 5. Nxd4 Bb4 6. Nxc6 bxc6 7. Bd3 d5 8. exd5 cxd5 9. O-O O-O 10. h3 {C47: Scotch Four Knights and Four Knights with 4 g3} c6 (10... Rb8 11. Qf3 Bb7 12. Bg5 Be7 13. Rfe1 d4 14. Ne4 Nxe4 15. Bxe7 Qxe7 16. Bxe4 Bxe4 17. Rxe4 Qc5 {½-½ (69) Areshchenko,A (2652)-Ponomariov,R (2692) Linares 2017}) 11. Qf3 Re8 12. Bf4 Qe7 13. Rad1 {LiveBook: 3 Games} Bd7 $146 ({Find the theoretical novelty and annotate with similar games:} 13... Ne4 14. Bxe4 dxe4 15. Qg3 Qf6 16. a3 Bxc3 17. bxc3 Bf5 {1-0 (33) Arvola,B (2292)-Elsness,F (2444) Norway 2017}) 14. Ne2 Ne4 15. a3 Bc5 16. c4 a5 17. Ng3 Nxg3 18. Qxg3 Qf6 (18... Bb6 $11) 19. cxd5 $16 cxd5 {[#]} 20. Bxh7+ $1 {[%mdl 512]} Kxh7 21. Rxd5 Bb5 22. Rc1 Bxf2+ 23. Qxf2 Re4 24. Rxb5 Rxf4 25. Qe3 g6 26. Rb6 Qf5 27. Rb5 Qf6 $1 28. Qe5 Qh4 29. Qe1 Qf6 30. Qc3 Qd6 31. Rc5 Rb8 32. Rxa5 Qb6+ 33. Rc5 {Qe3 is the strong threat.} Qxb2 34. Qxb2 (34. Qe3 {is interesting.} Qf6 35. Rc6 Qf5 36. R6c2 Re4 37. Qa7) 34... Rxb2 $14 {[%mdl 4096] Endgame KRR-KRR} 35. R5c2 Rb3 36. Rc3 Rb2 37. Rf1 Rxf1+ {The position is equal.} 38. Kxf1 $11 {KR-KR} f5 39. g4 (39. a4 $5 {[%cal Rc3a3]} Ra2 40. Rc7+ Kh6 41. Ra7 $14) 39... Kh6 40. gxf5 gxf5 41. a4 {aiming for Ra3.} Ra2 42. Rc4 Kg5 43. h4+ Kh5 44. Ke1 Rh2 45. Kd1 (45. a5 $5 {[%cal Rc4a4]} Ra2 46. Rc5 $11) 45... Rf2 46. Ke1 (46. Rc2 $5 {[%cal Rc2f2]} Rf3 47. Ke2 $16) 46... Rh2 47. Rb4 Ra2 48. Rf4 Kg6 49. Kd1 Rh2 50. Ke1 Ra2 51. Rb4 {Precision: White = 41%, Black = 81%.} 1/2-1/2

[Event "Fall Chess Classic 2017-B"]
[Site "Saint Louis"]
[Date "2017.09.11"]
[Round "6"]
[White "Prasanna Raghuram Rao"]
[Black "Pavlidis, Antonios"]
[Result "1/2-1/2"]
[WhiteElo "2455"]
[BlackElo "2536"]
[Annotator "TA"]
[PlyCount "40"]
[EventDate "2017.??.??"]
[EventType "tourn"]
[EventCountry "USA"]
[SourceTitle "playchess.com"]
[Source "ChessBase"]
[SourceQuality "1"]

{[%evp 26,40,0,-8,-11,-5,-6,-10,0,-16,0,-16,0,-12,0,-18,0]} 1. d4 Nf6 2. Nf3 g6 3. Bg5 Bg7 4. Nbd2 O-O 5. c3 d6 6. e4 c5 7. dxc5 dxc5 8. Qc2 Nc6 9. Be2 Qc7 10. O-O h6 11. Bh4 {A48: 1 d4 Nf6 2 Nf3 g6: Torre, London and Colle Systems} Nh5 12. Rfe1 (12. Rad1 b6 13. Rfe1 Bb7 14. Nc4 g5 15. Nfd2 Nf4 16. Bg3 e6 17. h4 {1-0 (64) Papaioannou,I (2606)-Matamoros Franco,C (2548) Istanbul 2012}) 12... Rd8 13. Nc4 Be6 14. Ne3 {LiveBook: 6 Games. The position is equal.} Rd7 15. Red1 Rad8 16. Nd2 $146 ({Predecessor:} 16. Rxd7 Rxd7 17. Nd2 Nf4 18. Bf1 Ne5 {½-½ (39) Bendana Guerrero,G (2264)-Anilkumar,N (2447) ICCF corr 2000}) 16... Nf4 17. Bf1 Nh5 18. Be2 Nf4 19. Bf1 Nh5 20. Be2 Nf4 1/2-1/2

[Event "Fall Chess Classic 2017-B"]
[Site "Saint Louis"]
[Date "2017.09.11"]
[Round "6"]
[White "Abrahamyan, Tatev"]
[Black "Ramirez, Alejandro"]
[Result "1-0"]
[WhiteElo "2333"]
[BlackElo "2563"]
[Annotator "TA"]
[PlyCount "56"]
[EventDate "2017.??.??"]
[EventType "tourn"]
[EventCountry "USA"]
[SourceTitle "playchess.com"]
[Source "ChessBase"]
[SourceQuality "1"]

{[%evp 18,56,43,15,12,2,8,12,43,14,28,0,55,55,65,1,89,79,90,95,108,108,104,102,193,127,633,607,626,436,619,621,1045,1022,1145,1191,1120,1153,1167,1073,1204]} 1. e4 g6 2. d4 Bg7 3. Nc3 c6 4. Nf3 d6 5. h3 Qc7 6. a4 Nd7 7. Be2 Ngf6 8. O-O O-O 9. Be3 e5 10. Qd2 {LiveBook: 13 Games} exd4 {B08: Pirc Defence: Classical System} 11. Nxd4 Re8 (11... Nc5 12. f3 Nh5 13. Rfd1 f5 14. Bc4+ Kh8 15. b4 fxe4 16. bxc5 dxc5 17. Nxe4 cxd4 18. Bxd4 {½-½ (49) Fieberg,S (2239)-Fridman,D (2594) Neustadt an der Weinstrasse 2017}) 12. f3 {[%cal Bf2f3,Bf3f4,Bf4f5][%mdl 32]} b6 {The position is equal.} 13. Rad1 Bb7 14. Nb3 $146 ({Predecessor:} 14. b4 Rad8 15. b5 c5 16. Nb3 Qc8 17. Bf2 Nf8 18. Bc4 {½-½ (36) Kruger,B-Chang,J Canada 1985}) 14... Bf8 (14... d5 $1 $11) 15. Bf4 $36 {[%cal Rf4d6][%mdl 2048] White has good play.} Ne5 16. Bh2 ({White should play} 16. Bh6 $14) 16... Rad8 {[#]} (16... d5 $11 {keeps the balance.}) 17. f4 $1 $16 {[%cal Rf4e5]} Ned7 {[#]} 18. f5 $1 Nxe4 19. Nxe4 Rxe4 20. Bd3 Re5 (20... Re7 $16 {keeps fighting.}) 21. Qf2 (21. fxg6 $18 fxg6 22. Nd4) 21... Be7 $2 {[%mdl 8192]} (21... g5 $16) 22. fxg6 $18 {White is clearly winning.} fxg6 23. Qf7+ Kh8 24. Bxg6 hxg6 25. Qxg6 {Intending Rf7 and mate.} Nf8 26. Bxe5+ dxe5 27. Qh5+ Kg7 28. Qf7+ Kh6 {Precision: White = 80%, Black = 26%.} 1-0

[Event "Fall Chess Classic 2017-B"]
[Site "Saint Louis"]
[Date "2017.09.12"]
[Round "7"]
[White "Ramirez, Alejandro"]
[Black "Friedel, Joshua E"]
[Result "1/2-1/2"]
[WhiteElo "2563"]
[BlackElo "2547"]
[Annotator "TA"]
[PlyCount "65"]
[EventDate "2017.??.??"]
[EventType "tourn"]
[EventCountry "USA"]
[SourceTitle "playchess.com"]
[Source "ChessBase"]
[SourceQuality "1"]

{[%evp 19,65,18,22,-10,-8,-18,0,-6,0,-18,0,0,0,9,0,0,19,31,31,0,37,9,19,24,30,33,50,34,58,37,61,61,79,56,73,77,66,32,49,0,0,0,0,0,0,0,0,-25]} 1. c4 e6 2. Nf3 Nf6 3. b3 d5 4. e3 Be7 5. Bb2 O-O 6. Nc3 b6 7. cxd5 {A13: English Opening: 1...e6} (7. d4 Ba6 8. Bd3 c5 9. cxd5 Bxd3 10. Qxd3 exd5 11. dxc5 bxc5 12. O-O Nc6 13. Rad1 Nb4 14. Qb1 Qb6 {1-0 (50) Malakhov,V (2713)-Bologan,V (2640) Doha 2016}) 7... exd5 8. Be2 Re8 9. O-O Bb7 10. Rc1 Nbd7 {LiveBook: 4 Games} 11. Rc2 a6 12. Qb1 $146 ({Predecessor:} 12. Qc1 Rc8 13. d4 Ne4 14. Nxe4 dxe4 {1-0 (35) Alterman,B (2585)-Matlak,M (2490) Moscow 1994}) 12... b5 13. b4 c6 14. Ba1 Nb6 15. d3 a5 16. a3 axb4 17. axb4 Ra6 18. Nd4 Nbd7 19. Na2 Qa8 20. Nb3 Bc8 21. Bc3 Nf8 22. Nd4 Bd7 23. Nc1 Ra4 24. Bd1 h5 25. Qb2 N8h7 26. Nf3 Bd6 27. Rd2 Ra6 28. Be5 Bf8 29. Ne2 Bg4 $1 {The position is equal.} 30. Ned4 Nd7 31. Bg3 g6 32. h3 Bxf3 $1 33. Nxf3 {Precision: White = 55%, Black = 37%.} 1/2-1/2

[Event "Fall Chess Classic 2017-B"]
[Site "Saint Louis"]
[Date "2017.09.12"]
[Round "7"]
[White "Pavlidis, Antonios"]
[Black "Pichot, Alan"]
[Result "1/2-1/2"]
[WhiteElo "2536"]
[BlackElo "2565"]
[Annotator "TA"]
[PlyCount "52"]
[EventDate "2017.??.??"]
[EventType "tourn"]
[EventCountry "USA"]
[SourceTitle "playchess.com"]
[Source "ChessBase"]
[SourceQuality "1"]

{[%evp 28,52,38,44,39,29,22,29,39,18,92,48,142,0,11,0,6,0,0,0,14,0,0,0,33,0,9]} 1. e4 e6 2. d4 d5 3. Nc3 Bb4 4. e5 c5 5. a3 Bxc3+ 6. bxc3 Qc7 7. a4 Ne7 8. Nf3 b6 9. Bb5+ Bd7 10. Bd3 Nbc6 11. O-O h6 12. Re1 O-O 13. Bf4 f5 {C19: French: 3 Nc3 Bb4: Main line: 7 Nf3 and 7 a4} (13... Ng6 14. Bg3 cxd4 15. Nxd4 Nxd4 16. cxd4 Qc3 17. h4 Ne7 18. Re3 Kh8 19. Bf1 Qc7 20. Bh2 Nf5 21. Rh3 {1-0 (39) Kovchan,A (2587)-Nesterets,A (2375) Riga 2017}) 14. exf6 Qxf4 15. fxe7 {LiveBook: 3 Games} Nxe7 {White is slightly better.} 16. Ne5 Be8 17. f3 $146 {[%cal Bf2f3,Bf3f4][%mdl 32]} ({Find the theoretical novelty and annotate with similar games:} 17. g3 Qxf2+ 18. Kh1 c4 19. Rf1 Qe3 20. Rxf8+ Kxf8 21. Qg4 cxd3 22. Qxe6 {0-1 (38) Geenen,M (2325)-Gunawan,R (2375) Thessaloniki 1988}) 17... Rc8 18. g3 Qg5 (18... Qf6 $1 $11 {remains equal.}) 19. a5 b5 {[#]} (19... Nc6 $14) 20. Kh1 (20. Ng4 $1 $16) 20... cxd4 $11 21. f4 $36 {[%mdl 2048] White fights for an advantage.} Qf6 22. Ng4 Qf7 23. Ne5 Qf6 24. Ng4 Qf7 25. Ne5 Qf6 26. Ng4 {[%mdl 1024] White has compensation.} Qf7 {Precision: White = 38%, Black = 45%.} 1/2-1/2

[Event "Fall Chess Classic 2017-B"]
[Site "Saint Louis"]
[Date "2017.09.12"]
[Round "7"]
[White "Arribas Lopez, Angel"]
[Black "Abrahamyan, Tatev"]
[Result "1-0"]
[WhiteElo "2505"]
[BlackElo "2333"]
[Annotator "TA"]
[PlyCount "115"]
[EventDate "2017.??.??"]
[EventType "tourn"]
[EventCountry "USA"]
[SourceTitle "playchess.com"]
[Source "ChessBase"]
[SourceQuality "1"]

{[%evp 20,115,22,25,23,39,28,23,59,52,50,50,84,83,79,44,51,21,45,38,40,39,47,53,64,23,37,20,16,16,16,19,26,14,14,14,18,18,27,27,27,31,31,31,36,38,34,34,34,27,43,0,44,0,36,-8,-8,-8,-12,-37,0,0,0,0,0,0,0,0,0,0,0,0,0,0,8,8,8,8,8,8,8,8,8,8,8,8,8,8,8,8,29968,12834,29969,29970,29982,29973,29983,29983]} 1. e4 e6 2. d4 d5 3. Bd3 dxe4 4. Bxe4 Nf6 5. Bf3 c5 6. Ne2 Nc6 {C01: French: Exchange Variation} 7. Be3 e5 (7... Nd5 8. Bxd5 Qxd5 9. Nbc3 Qxg2 10. Rg1 Qf3 11. Nb5 Rb8 12. dxc5 Bd7 13. Nc7+ Kd8 14. Nb5 {0-1 (54) Kramnik,V (2808)-Caruana,F (2808) Stavanger 2017}) 8. Bxc6+ bxc6 9. dxe5 Qxd1+ 10. Kxd1 Ng4 11. Nd2 {LiveBook: 19 Games} Nxe5 12. Re1 Ng4 $146 ({Find the theoretical novelty and annotate with similar games:} 12... Ba6 13. Nc3 O-O-O 14. Bg5 f6 15. Rxe5 Bd6 16. Re6 fxg5 17. Nde4 Be5+ {0-1 (17) Khanin,S (2407)-Sibashvili,G (2361) Kirishi 2015}) 13. Nf4 Nxe3+ 14. Rxe3+ Be7 15. Ke2 Bg4+ 16. f3 Bf5 17. Ne4 {Black must now prevent Nd6+.} (17. Nd3 {seems wilder.} Kf8 18. Ne4 h5 19. Ndxc5 Rh6 20. Rd1) 17... O-O-O 18. Rd1 Rxd1 19. Kxd1 Rd8+ 20. Ke2 Rd4 21. c3 Ra4 22. a3 (22. Ng3 {looks sharper.} Bg5 23. Nxf5 Bxf4 24. Re8+ Kd7 25. Re7+) 22... Bxe4 23. Rxe4 Rxe4+ 24. fxe4 $11 {[%mdl 4096] Endgame KB-KN} Bd6 25. g3 Kd7 26. Kd3 g5 27. Ng2 (27. Nh3 $5 {[%cal Rh3g5]}) 27... h5 28. Ne3 Ke6 29. Nf5 Bf8 30. h3 Ke5 31. Ne3 Ke6 32. Ke2 Bd6 33. Kf3 Bc7 34. Nf5 {Hoping for Ng7+.} Kf6 35. Ke3 Bb6 36. Kd3 Ke5 37. Ng7 {[#]} c4+ $1 {[%mdl 512]} 38. Kxc4 Kxe4 {...h4 is the strong threat.} 39. Nxh5 Kf3 40. Kd3 f5 41. b4 Bc7 42. Ng7 $1 {[%cal Rg7f5]} Kxg3 43. Nxf5+ Kxh3 44. Nd4 g4 {And now ...g3 would win.} 45. Nxc6 g3 46. Nd4 $1 g2 47. Ne2 Kg4 48. Ke4 Bh2 49. c4 Kg5 50. Kf3 g1=Q 51. Nxg1 Bxg1 {KB-K3P} 52. Ke4 $1 Kf6 $1 53. Kd5 $1 {Strongly threatening c5.} Be3 54. Kc6 Ke6 $2 {[%mdl 8192]} (54... Bc1 $11) 55. c5 {[%cal Bc4c5,Bc5c6][%mdl 32]} a5 {[#]} 56. Kb7 $1 {White mates.} ({Stronger than} 56. bxa5 Bxc5 57. Kxc5 Kd7 $11) 56... axb4 57. c6 Bf4 58. axb4 {Precision: White = 74%, Black = 59%.} 1-0

[Event "Fall Chess Classic 2017-B"]
[Site "Saint Louis"]
[Date "2017.09.12"]
[Round "7"]
[White "Chandra, Akshat"]
[Black "Shabalov, Alexander"]
[Result "1/2-1/2"]
[WhiteElo "2481"]
[BlackElo "2563"]
[Annotator "TA"]
[PlyCount "175"]
[EventDate "2017.??.??"]
[EventType "tourn"]
[EventCountry "USA"]
[SourceTitle "playchess.com"]
[Source "ChessBase"]
[SourceQuality "1"]

{[%evp 15,175,41,50,22,41,44,41,48,45,14,16,19,20,15,25,15,15,15,28,8,8,14,21,17,30,27,36,10,72,53,56,54,89,87,74,74,82,61,68,67,67,67,65,74,70,68,70,67,62,70,188,208,254,254,254,254,261,248,283,289,307,156,153,85,91,89,89,85,76,79,83,77,77,89,88,82,85,83,83,105,102,91,95,82,79,65,104,24,31,20,22,21,28,10,8,0,8,0,0,0,11,0,0,0,0,0,0,0,0,0,0,0,0,0,0,0,0,0,0,0,0,0,0,0,0,0,0,0,0,0,0,0,0,0,0,0,0,0,0,0,0,0,0,0,0,0,0,0,0,0,0,0,0,0,0,0,0,0,0,0,0,0]} 1. Nf3 Nf6 2. g3 d5 3. Bg2 c6 4. O-O h6 5. d3 Bf5 6. c4 dxc4 {A07: Réti Opening: New York and Capablanca Systems} (6... e6 7. cxd5 exd5 8. Qb3 Qb6 9. Qc2 Be7 10. Nc3 O-O 11. e4 Bh7 12. Be3 Qa6 13. Rad1 Nbd7 14. h3 Rad8 15. Rfe1 Bb4 {1-0 (38) Matlakov,M (2694)-Mchedlishvili,M (2601) Doha 2016}) 7. Ne5 Nbd7 8. Nxc4 e5 {LiveBook: 11 Games. White is slightly better.} 9. b3 Be7 $146 ({Predecessor:} 9... Be6 10. Nbd2 b5 11. Ne3 Nd5 12. Nc2 Rc8 13. d4 Nc3 14. Qe1 {1-0 (50) Bitoon,R (2458)-Premnath,R (2304) New Delhi 2010}) 10. Bb2 Qc7 11. Nbd2 O-O 12. h3 Rad8 13. Qc2 Rfe8 14. a3 Bf8 15. b4 Bg6 16. Rfc1 Nb6 17. Qb3 Nxc4 18. Nxc4 Nd7 19. a4 e4 20. d4 Qb8 21. Ba3 Bf5 (21... Kh7 $11 {keeps the balance.}) 22. b5 $16 cxb5 $1 23. Qxb5 Be6 24. Bxf8 Nxf8 25. e3 Bd5 26. Nd2 Re6 27. Rc5 Rb6 28. Qa5 Ra6 29. Qb4 Ne6 30. Rc3 f5 31. Bf1 Rb6 32. Qa5 f4 ({Black should play} 32... Qd6 $14) 33. gxf4 $18 Nxf4 34. exf4 Qxf4 35. Re3 Rg6+ 36. Bg2 Rdd6 {[%cal Bd8d6,Bd6g6,Bg6g3][%mdl 32]} 37. Nf1 (37. Qxa7 $2 Qg5 $17) 37... Rg5 38. Qd2 ({Worse is} 38. Qxa7 Rf6 $11) (38. Qc3 $18) 38... Rdg6 $16 39. Rg3 (39. Ng3 $142) 39... Rxg3 40. fxg3 (40. Qxf4 $2 {gets mated.} Rxg2+ 41. Kh1 Rg1+ 42. Kh2 R6g2#) 40... Qxd2 41. Nxd2 Rxg3 {[#] ...e3 is the strong threat.} 42. Kf2 Rd3 43. Nxe4 Bc6 44. a5 Rxd4 45. Ke3 Rb4 46. a6 Kf8 47. axb7 Rxb7 48. Bf1 Re7 49. Bd3 Bd7 50. h4 {Hoping for Kd4.} Bf5 51. h5 (51. Ra6 $16) 51... g6 $11 52. Ra6 (52. Rf1 $5 {[%cal Rh5g6]} Ke8 53. hxg6 Bxg6 54. Ra1 $16) 52... Kg7 53. Kf4 {White wants to play Rc6.} Rf7 {Threatens to win with ...Bc8+.} 54. hxg6 Bxg6+ {The position is equal.} 55. Ke3 Re7 56. Kd4 Rd7+ 57. Kc3 Rc7+ 58. Kb4 Re7 59. Nc5 (59. Kc3 {is more complex.} Bxe4 60. Bxe4 Rxe4) 59... Bxd3 60. Nxd3 {[%mdl 4096] Endgame KRN-KR} h5 61. Kc3 h4 62. Ra4 a5 63. Rxh4 a4 64. Rxa4 Kf6 65. Kd4 Kf5 66. Ra5+ Kg4 67. Ne5+ Kg3 68. Ra3+ Kf2 69. Ke4 Rb7 70. Nd3+ Kg2 71. Nf4+ Kf2 72. Rf3+ Ke1 73. Nd5 Rb8 74. Ra3 Kf2 75. Ra2+ Kg3 76. Ra3+ Kf2 77. Nf6 Rb4+ 78. Ke5 Rb8 79. Ne4+ Ke2 80. Nd6 Rh8 81. Kd4 Rd8 82. Ra2+ Kf3 83. Ke5 Rb8 84. Ra3+ Ke2 85. Nc4 Re8+ 86. Kd4 Rd8+ 87. Ke4 Re8+ 88. Ne5 {Precision: White = 65%, Black = 72%.} 1/2-1/2